| 000 | 00341nam a22001337a 4500 | ||
|---|---|---|---|
| 005 | 20250521140012.0 | ||
| 008 | 250521b |||||||| |||| 00| 0 eng d | ||
| 020 | _a0050990599 | ||
| 050 |
_aHB172 _bREA |
||
| 245 | _aReadings in microeconomic theory | ||
| 260 |
_aLondon _bThe Dryden Press _cc1997 |
||
| 300 | _axxvi, 514p | ||
| 942 |
_2lcc _cBK _n0 |
||
| 999 |
_c5899 _d5899 |
||